Shazam! Quiz (SPOILERS) - Statistics

General Stats
  • This quiz has been taken 35 times
  • The average score is 12 of 19
Answer Stats
Actor Role % Correct
Asher Angel Billy Batson
100%
Zachary Levi Shazam
100%
Jack Dylan Grazer Freddy Freeman
92%
Adam Brody Superhero Freddy
88%
Grace Caroline Currey Mary Bromfield
77%
Michelle Borth Superhero Mary
77%
Faithe Herman Darla Dudley
69%
Meagan Good Superhero Darla
69%
Mark Strong Doctor Sivana
62%
Ian Chen Eugene Choi
62%
Jovan Armand Pedro Peña
62%
D.J. Cotrona Superhero Pedro
62%
Ross Butler Superhero Eugene
58%
Djimon Hounsou Wizard
58%
John Glover Mr. Sivana
46%
Marta Milans Rosa Vasquez
46%
Cooper Andrews Victor Vasquez
42%
David F. Sandberg Mister Mind
23%
Caroline Palmer Billy's Mom
19%
No matching quizzes found
Score Distribution
Percent of People with Each Score
Percentile by Number Answered
Your Score History
You have not taken this quiz